Normal view
MARC view
Entry Personal Name
001 - CONTROL NUMBER
- control field: 57785
003 - CONTROL NUMBER IDENTIFIER
- control field: dpl
005 - DATE AND TIME OF LATEST TRANSACTION
- control field: 20231010123454.0
008 - FIXED-LENGTH DATA ELEMENTS
- fixed length control field: 231010|| aca||aabn | a|a d
040 ## - CATALOGING SOURCE
- Original cataloging agency: dpl
- Transcribing agency: dpl
100 ## - HEADING--PERSONAL NAME
- Personal name: Mohammad, J. Raja
670 ## - SOURCE DATA FOUND
- Source citation: Work cat.: (dpl)198751: Mohammad, J. Raja , The Role of Muslims in The Indian Freedom Struggle1857-1947/
